00718nab a2200193uuc450000100070000000500170000700800410002403500110006503500210007604000130009704100080011010000460011824501360016465000200030065000270032065000270034765100690037477300810044396174120240301085709.0060202e20050601 spa  a961741 a(OCoLC)820343311 ccomduadb aspa10aGonzález Pacciotti, Margarita4auteaut10aDon Ambrosio Pisco señor de Chia y Principe de Bogota : aspectos de la participacion indigena en la insurreccion de los Comuneros aPisco, Ambrosio aRebeliones indígenas aResguardos indígenas 7aColombiaxHistoriayInsurección de los Comuneros, 17812armarc0 tAl Margen (Bogotá)gNo. 14, Jun. 2005, p. 16-51w961545x1657-73100379066